Lataa...

Kasthuri manakkunna vakkukal /

Bibliografiset tiedot
Päätekijä: Umar Tharamel
Aineistotyyppi: Printed Book
Kieli:English
Julkaistu: Kozhikode : Lipi, 2018
Aiheet:
LEADER 00568 a2200169 4500
008 190227b ||||| |||| 00| 0 eng d
999 |c 332104  |d 332104 
020 |a 9788188022090 
082 |a 851.11309 UMA/K 
100 |a Umar Tharamel 
245 |a Kasthuri manakkunna vakkukal /  |c Umar Tharamel 
260 |b Lipi,  |c 2018  |a Kozhikode : 
300 |a 184p. ;  |c 21 cm. 
546 |a Malayalam 
650 |a Interviewing  
942 |2 ddc  |c BK 
952 |0 0  |1 0  |2 ddc  |4 0  |6 851_113090000000000_UMA_K_M  |7 0  |9 378859  |a UL  |b UL  |c ST1  |d 2019-02-26  |l 0  |o 851.11309 UMA/K M  |p G11261  |r 2019-02-26  |v 190.00  |y BK